Operative Orthopaedics: the stanmore guide (Record no. 3158)

MARC details
000 -LEADER
fixed length control field 00553nam a22001937a 4500
003 - CONTROL NUMBER IDENTIFIER
control field OSt
005 - DATE AND TIME OF LATEST TRANSACTION
control field 20160303135734.0
008 - FIXED-LENGTH DATA ELEMENTS--GENERAL INFORMATION
fixed length control field 160303b xxu||||| |||| 00| 0 eng d
020 ## - INTERNATIONAL STANDARD BOOK NUMBER
International Standard Book Number 9780340985007
040 ## - CATALOGING SOURCE
Transcribing agency DNLM
082 ## - DEWEY DECIMAL CLASSIFICATION NUMBER
Classification number WE190 O2t 2010
100 ## - MAIN ENTRY--PERSONAL NAME
Personal name edited by Briggs, Timoth; Miles Jonathan; Aston William
9 (RLIN) 7062
245 ## - TITLE STATEMENT
Title Operative Orthopaedics: the stanmore guide
260 ## - PUBLICATION, DISTRIBUTION, ETC. (IMPRINT)
Place of publication, distribution, etc. UK; Hodder Arnold, 2010
300 ## - PHYSICAL DESCRIPTION
Extent x,314p; col.ill: 25cm
504 ## - BIBLIOGRAPHY, ETC. NOTE
Bibliography, etc References & index included
650 ## - SUBJECT ADDED ENTRY--TOPICAL TERM
Topical term or geographic name as entry element Orthopaedics
9 (RLIN) 923
942 ## - ADDED ENTRY ELEMENTS (KOHA)
Source of classification or shelving scheme Other/Generic Classification Scheme
Koha item type Open Shelf
Holdings
Withdrawn status Lost status Source of classification or shelving scheme Damaged status Not for loan Home library Current library Date acquired Source of acquisition Inventory number Total Checkouts Full call number Barcode Date last seen Koha item type
    Other/Generic Classification Scheme     MUST Main Library MUST Main Library 03/03/2016   15/39425   WE190 O2t 2010 2016-0328 03/03/2016 Open Shelf
    Other/Generic Classification Scheme     MUST Main Library MUST Main Library 03/03/2016   15/39426   WE190 O2t 2010 2016-0329 03/03/2016 Open Shelf